Computers and applications : (Record no. 5892)
[ view plain ]
| 000 -LEADER | |
|---|---|
| fixed length control field | 00633cam a2200181 a 4500 |
| 005 - DATE AND TIME OF LATEST TRANSACTION | |
| control field | 20250901165548.0 |
| 008 - FIXED-LENGTH DATA ELEMENTS--GENERAL INFORMATION | |
| fixed length control field | 850425s1986 maua 001 0 eng |
| 010 ## - LIBRARY OF CONGRESS CONTROL NUMBER | |
| LC control number | 85080262 |
| 020 ## - INTERNATIONAL STANDARD BOOK NUMBER | |
| International Standard Book Number | 0669112232 (pbk.) |
| 020 ## - INTERNATIONAL STANDARD BOOK NUMBER | |
| International Standard Book Number | 0669086754 (hard) |
| 050 00 - LIBRARY OF CONGRESS CALL NUMBER | |
| Classification number | QA76 .C58127 1986 |
| Item number | .C58127 1986 |
| 082 00 - DEWEY DECIMAL CLASSIFICATION NUMBER | |
| Classification number | 004 |
| Edition information | 19 |
| 245 00 - TITLE STATEMENT | |
| Title | Computers and applications : |
| Remainder of title | an introduction to data processing / |
| Statement of responsibility, etc. | Daniel L. Slotnick ... [et al.]. |
| 260 ## - PUBLICATION, DISTRIBUTION, ETC. | |
| Place of publication, distribution, etc. | Lexington, Mass. : |
| Name of publisher, distributor, etc. | D.C. Heath, |
| Date of publication, distribution, etc. | c1986. |
| 300 ## - PHYSICAL DESCRIPTION | |
| Extent | xxxv, 675, 80 p. : |
| Other physical details | ill. (some col.) ; |
| Dimensions | 26 cm. |
| 500 ## - GENERAL NOTE | |
| General note | Includes index. |
| 942 ## - ADDED ENTRY ELEMENTS (KOHA) | |
| Source of classification or shelving scheme | Library of Congress Classification |
| Classification part | QA76 .C58127 1986 |
| Withdrawn status | Lost status | Source of classification or shelving scheme | Damaged status | Not for loan | Home library | Current library | Shelving location | Date acquired | Total checkouts | Full call number | Barcode | Date last seen | Price effective from | Koha item type |
|---|---|---|---|---|---|---|---|---|---|---|---|---|---|---|
| Library of Congress Classification | Main Library | Main Library | 09/29/2021 | QA76 .C58127 1986 | PIU0190150 | 09/29/2021 | 09/29/2021 | Books |